000 00773nam a2200229Ia 4500
005 20211110134257.0
008 130821s1984 ck gr spa
020 _a[sin ISBN]
040 _aCO-BoUCM
_bspa
_cJose A. Gerena (modificó)
_d[Nuevo]
041 0 0 _aspa
100 1 _aPuzo, Mario
_d1920-
_967828
245 1 3 _aEl padrino
_cMario Puzo; traducción de Angel Arnau
260 _aBogotá (Colombia)
_bCirculo de Lectores
_c1984
300 _a528 páginas
650 0 7 _aLiteratura estadounidense
_918653
650 0 7 _aNovela estadounidense
_920501
690 _aLiteratura estadounidense
_918653
700 1 _aArnau, Angel
_etraductor
_967829
765 1 4 _aThe godfather
942 _cLIBRO
_a18
_e1
_mP994cir
_2DEWEY
_h813.54
999 _c44542
_d44542